A trainer’s guide for participatory learning and action
Chapter headings include: -Adult Learning -You, The Trainer and Facilitator -Group Dynamics and Team Building -Principles of Participatory Learning and Action -Training in Participatory Methods in the Workshop -The challenges of Training in the Field -Organizing workshops for Training, (Orientation...
Zapisane w:
| Format: | Książka |
|---|---|
| Język: | Undetermined |
| Wydane: |
London
Sustainable Agriculture Programme
1995
|
| Hasła przedmiotowe: | |
| Etykiety: |
Dodaj etykietę
Nie ma etykietki, Dołącz pierwszą etykiete!
|
| Thư viện lưu trữ: | Trung tâm Học liệu Trường Đại học Cần Thơ |
|---|
| LEADER | 01039nam a2200181Ia 4500 | ||
|---|---|---|---|
| 001 | CTU_141783 | ||
| 008 | 210402s9999 xx 000 0 und d | ||
| 082 | |a 374.2 | ||
| 082 | |b T768 | ||
| 245 | 2 | |a A trainer’s guide for participatory learning and action | |
| 245 | 0 | |c Jules N. Pretty ... [et al.] ; illustrations Regina Faul-Doyle. | |
| 260 | |a London | ||
| 260 | |b Sustainable Agriculture Programme | ||
| 260 | |c 1995 | ||
| 520 | |a Chapter headings include: -Adult Learning -You, The Trainer and Facilitator -Group Dynamics and Team Building -Principles of Participatory Learning and Action -Training in Participatory Methods in the Workshop -The challenges of Training in the Field -Organizing workshops for Training, (Orientation and Exposure) -Plus: 101 games and Exercises for Trainers | ||
| 650 | |a Học tập theo kinh nghiệm,Chương trình hoạt động trong giáo dục,Experiential learning,Activity programs in education | ||
| 904 | |i Trọng Hải | ||
| 980 | |a Trung tâm Học liệu Trường Đại học Cần Thơ | ||